| 000 | 02859cam a22004814a 4500 | ||
|---|---|---|---|
| 001 | 78039 | ||
| 005 | 20230410120809.0 | ||
| 008 | 030521s2003 nyu b 001 0 eng | ||
| 010 | _a 2003047065 | ||
| 035 | _a(OCoLC)ocm52334728 | ||
| 040 |
_aDLC _cDLC _dIG# _dBAKER _dCCS _dSAC _dBTCTA _dYDXCP _dSTF _dOCLCQ _dSMP _dKAAUA _dBNO |
||
| 020 | _a0375508791 (acid-free paper) | ||
| 020 | _a9780375508790 (acid-free paper) | ||
| 029 | 1 |
_aNLGGC _b24930659X |
|
| 029 | 1 |
_aYDXCP _b2002707 |
|
| 029 | 1 |
_aNZ1 _b7732462 |
|
| 035 | _a(OCoLC)52334728 | ||
| 050 | 1 | 4 |
_aHV6432.7 _b.P685 2003 |
| 082 | 0 | 0 |
_a973.931 _221 |
| 100 | 1 | _aPosner, Gerald L. | |
| 245 | 1 | 0 |
_aWhy America slept : _bthe failure to prevent 9/11 / _cGerald Posner. |
| 250 | _a1st ed. | ||
| 260 |
_aNew York : _bRandom House, _cc2003. |
||
| 300 |
_axii, 241 p. ; _c25 cm. |
||
| 504 | _aIncludes bibliographical references (p. [219]-226) and index. | ||
| 505 | 0 | _aChapter 1. The takeover -- Chapter 2. The intelligence war -- Chapter 3. Birth of a terrorist -- Chapter 4. The first shot -- Chapter 5. The secret deal -- Chapter 6. Allies at war -- Chapter 7. Shelter in Sudan -- Chapter 8. "Who the hell is seeing him?" -- Chapter 9. Jihad in America -- Chapter 10. Rush to judgment -- Chapter 11. Safe haven in Afghanistan -- Chapter 12. The money trail -- Chapter 13. Campaign of terror -- Chapter 14. "We got it covered" -- Chapter 15. Enter the hijackers -- Chapter 16. "None of this is ever going to happen" -- Chapter 17. The German connection -- Chapter 18. "We could have gotten lucky" -- Chapter 19. The interrogation. | |
| 520 | _aExamines the terrorist attacks of September 11th and why the disaster was not prevented, discussing how breakdowns in intelligence and political infighting allowed terrorists to carry out an unprecedented attack on American soil. | ||
| 650 | 0 | _aSeptember 11 Terrorist Attacks, 2001. | |
| 650 | 0 |
_aTerrorism _zUnited States _xPrevention. |
|
| 650 | 0 |
_aIslamic fundamentalism _zUnited States. |
|
| 650 | 0 |
_aNational security _zUnited States. |
|
| 856 | 4 | 1 |
_3Table of contents only _uhttp://www.loc.gov/catdir/toc/fy0712/2003047065.html |
| 856 | 4 | 2 |
_3Contributor biographical information _uhttp://www.loc.gov/catdir/bios/random055/2003047065.html |
| 856 | 4 | 1 |
_3Sample text _uhttp://www.loc.gov/catdir/samples/random045/2003047065.html |
| 856 | 4 | 2 |
_3Publisher description _uhttp://www.loc.gov/catdir/description/random0415/2003047065.html |
| 856 | 4 | 1 |
_zAvailable to Stanford-affiliated users at: _uhttp://site.ebrary.com/lib/stanford/Doc?id=10042763 |
| 938 |
_aBaker & Taylor _bBKTY _c24.95 _d18.71 _i0375508791 _n0004197582 _sactive |
||
| 938 |
_aBaker and Taylor _bBTCP _n2003047065 |
||
| 938 |
_aYBP Library Services _bYANK _n2002707 |
||
| 938 |
_aIngram _bINGR _n9780375508790 |
||
| 942 |
_2lcc _cbk |
||
| 994 |
_aC0 _bDRFGD |
||
| 999 |
_c52075 _d52075 |
||